Mistrzowie WWE Tag Team - Statystyki

Ogólne statystyki
  • Ten quiz został rozwiązany 16 razy
    4 od ostatniego zresetowania
  • Średni wynik to 173 z 435
Statystyki odpowiedzi
# Rok MIstrz % Poprawnych
1 2026 Austin Theory
100%
6 2020 Big E
100%
2 2015 Big E
100%
1 2023 Cody Rhodes
100%
1 2023 Cody Rhodes
100%
1 2010 Cody Rhodes
100%
2 2008 Cody Rhodes
100%
1 2007 Cody Rhodes
100%
2 2023 Damian Priest
100%
2 2023 Damian Priest
100%
2 2018 Dean Ambrose
100%
1 1973 Dean Ho
100%
1 2025 Dexter Lumis
100%
2 2023 Finn Bálor
100%
2 2025 Finn Bálor
100%
2 2023 Finn Bálor
100%
2 2014 Goldust
100%
1 2002 Goldust
100%
1 2002 Hollywood Hulk Hogan
100%
2 2024 Ivar
100%
1 2024 Jacob Fatu/Tonga Loa
100%
5 2021 Jey Uso
100%
4 2025 Jey Uso
100%
5 2021 Jimmy Uso
100%
4 2025 Jimmy Uso
100%
1 2012 Kane
100%
1 2011 Kane
100%
1 2005 Kane
100%
1 2003 Kane
100%
1 2002 Kane
100%
2 2001 Kane
100%
2 1999 Kane
100%
2 1998 Kane
100%
1 2023 Kevin Owens
100%
1 2023 Kevin Owens
100%
7 2020 Kofi Kingston
100%
5 2025 Kofi Kingston
100%
1 2026 Logan Paul
100%
1 2016 Randy Orton
100%
2 2022 Randy Orton
100%
1 2006 Randy Orton
100%
1 2013 Roman Reigns
100%
1 2024 R-Truth
100%
1 2012 R-Truth
100%
1 2023 Sami Zayn
100%
1 2023 Sami Zayn
100%
2 2018 Seth Rollins
100%
1 2013 Seth Rollins
100%
1 2009 Shawn Michaels
100%
1 2009 Shawn Michaels
100%
1 2007 Shawn Michaels
100%
1 1997 Shawn Michaels
100%
2 1995 Shawn Michaels
100%
1 2025 Solo Sikoa
100%
2 2014 Stardust
100%
1 2025 Tama Tonga
100%
1 2024 Tama Tonga
100%
7 2020 Xavier Woods
100%
5 2025 Xavier Woods
100%
1 2016 Bray Wyatt
75%
1 2018 Bray Wyatt
75%
1 2004 Bubba Ray Dudley
75%
8 2003 Bubba Ray Dudley
75%
1 1998 Cactus Jack
75%
1 2018 Cesaro
75%
4 2018 Cesaro
75%
1 2022 Chad Gable
75%
1 2019 Daniel Bryan
75%
1 2012 Daniel Bryan
75%
1 2021 Dolph Ziggler
75%
1 2019 Dolph Ziggler
75%
1 2018 Dolph Ziggler
75%
1 2021 Dominik Mysterio
75%
1 2018 Drew McIntyre
75%
1 2010 Drew McIntyre
75%
1 1997 Dude Love
75%
1 2004 D-Von Dudley
75%
8 2003 D-Von Dudley
75%
2 2024 Erik
75%
1 2018 Harper
75%
2 2025 JD McDonagh
75%
1 2023 Jey Uso
75%
1 2023 Jey Uso
75%
1 2025 Joe Gacy
75%
1 2011 John Cena
75%
1 2010 John Cena
75%
1 2008 John Cena
75%
1 2007 John Cena
75%
1 1999 Mankind
75%
3 1999 Mankind
75%
2 1998 Mankind
75%
1 2006 Nicky
75%
1 2021 Rey Mysterio
75%
1 2005 Rey Mysterio
75%
1 2005 Rey Mysterio
75%
1 2004 Rey Mysterio
75%
1 2002 Rey Mysterio
75%
2 2022 Riddle
75%
1 2018 Rowan
75%
1 2020 Seth Rollins
75%
1 2019 Seth Rollins
75%
1 2017 Seth Rollins
75%
1 2018 Sheamus
75%
4 2018 Sheamus
75%
1 2002 Spike Dudley
75%
1 2001 Stone Cold Steve Austin
75%
1 1998 Stone Cold Steve Austin
75%
1 1997 Stone Cold Steve Austin
75%
1 1997 Stone Cold Steve Austin
75%
3 1993 Ted DiBiase
75%
2 2008 Ted DiBiase Jr.
75%
1 2020 The Miz
75%
1 2019 The Miz
75%
1 2024 The Miz
75%
1 2014 The Miz
75%
1 2011 The Miz
75%
1 2010 The Miz
75%
1 2007 The Miz
75%
1 2010 The Miz
75%
1 2008 The Miz
75%
1 2001 The Rock
75%
1 2000 The Rock
75%
3 1999 The Rock
75%
2 2001 The Undertaker
75%
1 2000 The Undertaker
75%
2 1999 The Undertaker
75%
1 1998 The Undertaker
75%
1 2009 Triple H
75%
1 2009 Triple H
75%
1 2001 Triple H
75%
1 2024 Alex Shelley
50%
1 1989 André the Giant
50%
1 2024 Austin Theory
50%
1 2005 Batista
50%
1 2008 Batista
50%
2 2004 Batista
50%
1 2011 Big Show
50%
1 2010 Big Show
50%
1 2009 Big Show
50%
1 2010 Big Show
50%
1 2009 Big Show
50%
1 2005 Big Show
50%
2 1999 Big Show
50%
1 2018 Bo Dallas
50%
1 2019 Braun Strowman
50%
1 2018 Braun Strowman
50%
2 1990 Bret Hart
50%
1 2008 Carlito
50%
1 2009 Carlito
50%
1 2020 Cesaro
50%
1 2015 Cesaro
50%
1 2016 Chad Gable
50%
1 2018 Chad Gable
50%
1 2002 Chris Benoit
50%
2 2004 Chris Benoit
50%
1 2001 Chris Benoit
50%
1 2009 Chris Jericho
50%
1 2009 Chris Jericho
50%
1 2009 Chris Jericho
50%
1 2009 Chris Jericho
50%
1 2002 Chris Jericho
50%
1 2001 Chris Jericho
50%
1 2001 Chris Jericho
50%
1 2024 Chris Sabin
50%
1 2008 CM Punk
50%
1 2019 Dash Wilder
50%
2 2019 Dash Wilder
50%
2 1995 Diesel
50%
1 2005 Eddie Guerrero
50%
2 2003 Eddie Guerrero
50%
1 2003 Eddie Guerrero
50%
1 2009 Edge
50%
1 2002 Edge
50%
1 2009 Edge
50%
1 2006 Edge
50%
2 2004 Edge
50%
1 2002 Edge
50%
7 2001 Edge
50%
1 1994 Fatu
50%
1 2024 Grayson Waller
50%
1 2016 Heath Slater
50%
3 2011 Heath Slater
50%
1 2019 Jeff Hardy
50%
1 2017 Jeff Hardy
50%
6 2007 Jeff Hardy
50%
2 2024 Johnny Gargano
50%
2 2019 Karl Anderson
50%
1 2012 Kofi Kingston
50%
1 2011 Kofi Kingston
50%
1 2008 Kofi Kingston
50%
2 2019 Luke Gallows
50%
1 2016 Luke Harper
50%
1 2019 Matt Hardy
50%
1 2018 Matt Hardy
50%
1 2017 Matt Hardy
50%
1 2007 Matt Hardy
50%
6 2007 Matt Hardy
50%
1 1994 Mo
50%
1 2018 Nicholas
50%
1 2022 Otis
50%
1 1999 Owen Hart
50%
1 1996 Owen Hart
50%
2 1995 Owen Hart
50%
1 2006 Ric Flair
50%
2 2004 Ric Flair
50%
2 1993 Rick Steiner
50%
1 2004 Rikishi
50%
1 2002 Rikishi
50%
1 2019 Rowan
50%
1 2019 Scott Dawson
50%
2 2019 Scott Dawson
50%
2 1993 Scott Steiner
50%
1 2019 Shane McMahon
50%
1 2020 Shelton Benjamin
50%
2 2003 Shelton Benjamin
50%
1 1985 The Iron Sheik
50%
2 2024 Tommaso Ciampa
50%
2 2019 Zack Ryder
50%
3 1983 Afa
25%
1 2025 AJ Styles
25%
1 2021 AJ Styles
25%
1 2018 Akam
25%
2 2025 Angelo Dawkins
25%
1 2020 Angelo Dawkins
25%
1 1989 Arn Anderson
25%
1 2014 Billy Gunn
25%
2 2002 Billy Gunn
25%
5 1999 Billy Gunn
25%
3 1996 Billy Gunn
25%
1 2018 Bobby Roode
25%
1 2004 Booker T
25%
1 2002 Booker T
25%
1 2001 Booker T
25%
3 2001 Bradshaw
25%
2 2003 Chavo Guerrero
25%
1 2002 Christian
25%
1 2002 Christian
25%
7 2001 Christian
25%
1 2014 Damien Mizdow
25%
1 2011 David Otunga
25%
1 2010 David Otunga
25%
1 2025 Dragon Lee
25%
1 2011 Evan Bourne
25%
1 1976 Executioner #1
25%
1 1976 Executioner #2
25%
1 2020 John Morrison
25%
1 2007 John Morrison
25%
1 2008 John Morrison
25%
3 2005 Johnny Nitro
25%
3 2011 Justin Gabriel
25%
1 1981 King/Spot
25%
1 2002 Kurt Angle
25%
1 2007 Montel Vontavious Porter
25%
2 2025 Montez Ford
25%
1 2020 Montez Ford
25%
1 1997 Mosh
25%
1 2021 Omos
25%
3 1977 Professor Tanaka
25%
1 2018 Rezar
25%
1 2004 Rico
25%
1 2002 Rico
25%
1 2014 Road Dogg
25%
5 1999 Road Dogg
25%
1 2021 Robert Roode
25%
1 2019 Robert Roode
25%
1 2004 Rob Van Dam
25%
1 2004 Rob Van Dam
25%
1 2003 Rob Van Dam
25%
1 2010 Santino Marella
25%
1 2020 Shinsuke Nakamura
25%
3 1983 Sika
25%
1 1972 Sonny King
25%
1 2002 Tazz
25%
1 1995 The 1–2–3 Kid
25%
1 1994 The 1–2–3 Kid
25%
1 1998 The Big Boss Man
25%
1 2000 The Goodfather
25%
1 1975 Victor Rivera/Pat Barrett
25%
1 2010 Vladimir Kozlov
25%
1 2005 William Regal
25%
1 2004 William Regal
25%
2 2003 William Regal
25%
2 1999 X-Pac
25%
2 1995 Yokozuna
25%
1 1984 Adrian Adonis
0%
1 1999 Al Snow
0%
1 2005 Animal
0%
2 1997 Animal
0%
3 1990 Ax
0%
2 1985 Barry Windham
0%
3 1996 Bart Gunn
0%
1 2004 Billy Kidman
0%
1 1976 Billy White Wolf
0%
1 1975 Blackjack Lanza
0%
1 1975 Blackjack Mulligan
0%
1 1980 Bob Backlund
0%
1 1995 Bob Holly
0%
1 2006 Brian Kendrick
0%
1 2007 Brian Kendrick
0%
1 1991 Brian Knobbs
0%
1 1985 Brutus Beefcake
0%
1 2020 Buddy Murphy
0%
1 2000 Bull Buchanan
0%
1 2020 Cedric Alexander
0%
1 1998 Chainsaw Charlie
0%
1 2004 Charlie Haas
0%
2 2003 Charlie Haas
0%
2 1982 Chief Jay Strongbow
0%
1 1976 Chief Jay Strongbow
0%
1 1972 Chief Jay Strongbow
0%
1 2003 Chief Morley
0%
2 2002 Chuck Palumbo
0%
1 1999 Crash Holly
0%
1 1990 Crush
0%
2 2019 Curt Hawkins
0%
1 2018 Curtis Axel
0%
2 2005 Danny Basham
0%
1 2015 Darren Young
0%
1 1986 Davey Boy Smith
0%
1 2010 David Hart Smith
0%
1 2010 David Hart Smith
0%
1 2007 Deuce
0%
1 2001 Diamond Dallas Page
0%
1 1984 Dick Murdoch
0%
1 1978 Dino Bravo
0%
1 1978 Dominic DeNucci
0%
1 1975 Dominic DeNucci
0%
1 2007 Domino
0%
2 2005 Doug Basham
0%
1 1986 Dynamite Kid
0%
1 1992 Earthquake
0%
1 2012 Epico
0%
1 2004 Eugene
0%
3 2001 Faarooq
0%
1 2000 Grand Master Sexay
0%
1 1985 Greg Valentine
0%
1 1989 Haku
0%
1 2007 Hardcore Holly
0%
1 1999 Hardcore Holly
0%
2 1997 Hawk
0%
1 1973 Haystacks Calhoun
0%
1 2005 Heidenreich
0%
2 1997 Henry O. Godwinn
0%
3 1993 Irwin R. Schyster
0%
1 1979 Ivan Putski
0%
3 1994 Jacques
0%
1 2016 Jason Jordan
0%
1 2017 Jason Jordan
0%
1 1999 Jeff Jarrett
0%
1 1991 Jerry Sags
0%
1 1979 Jerry Valiant
0%
1 1974 Jimmy Valiant
0%
2 1990 Jim Neidhart
0%
3 2005 Joey Mercury
0%
1 2006 Johnny
0%
1 1979 Johnny Valiant
0%
1 1974 Johnny Valiant
0%
2 1982 Jules
0%
1 2001 Kanyon
0%
1 1971 Karl Gotch
0%
1 2006 Kenny
0%
1 1998 Ken Shamrock
0%
1 2004 Kenzo Suzuki
0%
1 1972 King Curtis Iaukea
0%
3 2007 Lance Cade
0%
1 2003 Lance Storm
0%
2 2003 Lance Storm
0%
1 2002 Lance Storm
0%
1 1978 Larry Zbyszko
0%
1 1975 Louis Cerdan
0%
1 1971 Luke Graham
0%
1 1994 Mabel
0%
1 1994 Marty Jannetty
0%
1 2011 Michael McGillicutty
0%
1 1972 Mikel Scicluna
0%
2 1985 Mike Rotundo
0%
1 2006 Mikey
0%
1 2006 Mitch
0%
2 1982 Mr. Fuji
0%
3 1977 Mr. Fuji
0%
2 1982 Mr. Saito
0%
1 1985 Nikolai Volkoff
0%
1 2006 Paul London
0%
1 2004 Paul London
0%
1 2007 Paul London
0%
1 1980 Pedro Morales
0%
2 1997 Phineas I. Godwinn
0%
3 1994 Pierre
0%
1 2012 Primo
0%
1 2008 Primo
0%
1 2009 Primo
0%
1 2004 René Duprée
0%
1 2003 René Duprée
0%
1 1971 Rene Goulet
0%
1 1981 Rex
0%
1 2016 Rhyno
0%
1 1987 Rick Martel
0%
2 1981 Rick Martel
0%
3 2005 Robért Conway
0%
1 1983 Rocky Johnson
0%
1 2006 Roddy Piper
0%
1 2005 Rosey
0%
1 1994 Samu
0%
1 2004 Scotty 2 Hotty
0%
1 2000 Scotty 2 Hotty
0%
1 1996 Skip
0%
3 1990 Smash
0%
3 2005 Sylvain Grenier
0%
1 2003 Sylvain Grenier
0%
1 2003 Tajiri
0%
1 2005 Tajiri
0%
1 1971 Tarzan Tyler
0%
1 2001 Test
0%
1 1996 The British Bulldog
0%
1 2005 The Hurricane
0%
1 2002 The Hurricane
0%
1 1997 Thrasher
0%
1 1987 Tito Santana
0%
1 1979 Tito Santana
0%
1 2015 Titus O'Neil
0%
1 1983 Tony Atlas
0%
2 1981 Tony Garea
0%
1 1978 Tony Garea
0%
1 1973 Tony Garea
0%
1 1973 Tony Garea
0%
1 1975 Tony Parisi
0%
3 2007 Trevor Murdoch
0%
1 1989 Tully Blanchard
0%
1 1992 Typhoon
0%
1 2015 Tyson Kidd
0%
1 2010 Tyson Kidd
0%
1 2010 Tyson Kidd
0%
1 1978 Yukon Eric
0%
1 1978 Yukon Pierre
0%
1 1996 Zip
0%
Nie znaleziono quizów pasujących do podanych kryteriów
Rozkład punktacji
Procent ludzi z każdym wynikiem
Percentyl według liczby udzielonych odpowiedzi
Twoja historia wyników
Nie rozwiązałeś tego quizu od ostatniego zresetowania